[Event "Mar del Plata op 51st"]
[Site "Mar del Plata"]
[Date "2022.04.11"]
[Round "4"]
[White "Di Muro, Matias"]
[Black "Slipak, Sergio"]
[Result "1-0"]
[WhiteElo "2217"]
[BlackElo "2386"]
[PlyCount "43"]
[EventDate "2022.04.09"]
[EventType "swiss"]
[EventRounds "9"]
[EventCountry "ARG"]
[SourceTitle "CBM 208 Extra"]
[Source "ChessBase"]
[SourceDate "2022.07.31"]
[SourceVersion "1"]
[SourceVersionDate "2022.07.31"]
[SourceQuality "1"]

1. e4 e6 2. d4 d5 3. Nc3 Nf6 4. Bg5 dxe4 5. Nxe4 Be7 6. Bxf6 gxf6 7. Nf3 f5 8. Nc3 a6 9. Qd2 b5 10. 0-0-0 Bb7 11. Kb1 c5 12. Qe3 b4 13. Na4 Qa5 14. Nxc5 Bxc5 15. dxc5 Nd7 16. Rxd7 Kxd7 17. Ne5+ Kc7 18. Nc4 Rad8 19. Be2 Qa4 20. Qe5+ Kc6 21. Bf3+ Rd5 22. b3 1-0

[Event "Mem Rodolfo Ventimiglia 71th"]
[Site "Mar del Plata"]
[Date "2016.11.21"]
[Round "1.2"]
[White "Fernandez Mazzetti, Ignacio"]
[Black "Di Muro, Matias"]
[Result "0-1"]
[WhiteElo "1986"]
[BlackElo "2243"]
[PlyCount "118"]
[EventDate "2016.11.21"]
[EventType "tourn"]
[EventRounds "10"]
[EventCountry "ARG"]
[SourceTitle "EXT 2024"]
[Source "ChessBase"]
[SourceDate "2023.10.10"]
[SourceVersion "1"]
[SourceVersionDate "2023.10.10"]
[SourceQuality "1"]

1. e4 e5 2. Nf3 Nc6 3. Bc4 Bc5 4. 0-0 Nf6 5. d3 d6 6. c3 Bb6 7. a4 h6 8. Nbd2 0-0 9. Bb3 a6 10. Nc4 Ba7 11. h3 Ne7 12. Be3 Ng6 13. Bc2 Re8 14. Re1 Be6 15. Bxa7 Rxa7 16. Ne3 Ra8 17. d4 Nh7 18. dxe5 dxe5 19. Qxd8 Raxd8 20. a5 Nf6 21. Ra4 Bd7 22. Rb4 Bc6 23. Nd5 Nxd5 24. exd5 Rxd5 25. Bxg6 fxg6 26. Rbe4 Rxa5 27. Rxe5 Raxe5 28. Nxe5 g5 29. g3 Re6 30. f4 gxf4 31. gxf4 Rf6 32. Nxc6 Rxc6 33. Kf2 Kf7 34. Kf3 Rf6 35. Kg3 Rg6+ 36. Kf2 Rf6 37. Kg3 Re6 38. Rd1 Re2 39. Rd7+ Kf6 40. Rxc7 Rxb2 41. Rc8 a5 42. Ra8 Rb5 43. Ra7 b6 44. Ra6 Kf5 45. c4 Rb3+ 46. Kg2 Kxf4 47. c5 Rb2+ 48. Kf1 bxc5 49. Rxa5 c4 50. Rc5 Rc2 51. Ke1 Ke3 52. Kd1 Kd4 53. Rc7 Rg2 54. h4 Kd3 55. Rd7+ Kc3 56. h5 Rg5 57. Rb7 Rxh5 58. Rxg7 Rh1+ 59. Ke2 Kc2 0-1

[Event "ARG-ch sf 90th"]
[Site "Buenos Aires"]
[Date "2015.08.22"]
[Round "3"]
[White "Krysa, Leandro Sergio"]
[Black "Di Muro, Matias"]
[Result "1-0"]
[WhiteElo "2469"]
[BlackElo "2268"]
[PlyCount "107"]
[EventDate "2015.08.20"]
[EventType "swiss"]
[EventRounds "9"]
[EventCountry "ARG"]
[SourceTitle "EXT 2016"]
[Source "ChessBase"]
[SourceDate "2015.10.08"]
[SourceVersion "1"]
[SourceVersionDate "2015.10.08"]
[SourceQuality "1"]

1. d4 d5 2. c4 c6 3. Nf3 Nf6 4. Nc3 dxc4 5. a4 Bf5 6. e3 e6 7. Bxc4 Bb4 8. 0-0 0-0 9. Nh4 Nbd7 10. h3 Rc8 11. Nxf5 exf5 12. Qf3 g6 13. g4 fxg4 14. hxg4 h5 15. gxh5 Nxh5 16. Rd1 Qh4 17. Qe4 Qg5+ 18. Qg2 Qxg2+ 19. Kxg2 Rfe8 20. Na2 Bf8 21. b4 Nb6 22. Bb3 Nd5 23. b5 Nhf6 24. Rd3 Kg7 25. Rb1 Bd6 26. bxc6 bxc6 27. Bd1 Re7 28. Bf3 g5 29. Ba3 Bxa3 30. Rxa3 c5 31. Nc3 Nb6 32. Nb5 cxd4 33. Nxd4 Rc5 34. a5 Nc4 35. Rc3 Rec7 36. Rb5 Rxb5 37. Nxb5 Rc5 38. Nd6 Nxe3+ 39. Rxe3 Rxa5 40. Re7 Kg6 41. Nxf7 Ra2 42. Ne5+ Kf5 43. Nc4 g4 44. Ne3+ Kf4 45. Nxg4 Nxg4 46. Re4+ Kf5 47. Rxg4 a5 48. Rg8 a4 49. Ra8 Ra1 50. Ra5+ Kf6 51. Bd5 a3 52. Bb3 Kg6 53. Kg3 Kf6 54. f4 1-0

[Event "Mar del Plata Vasta Memorial"]
[Site "Mar del Plata"]
[Date "2014.06.05"]
[Round "2"]
[White "Di Muro, Matias"]
[Black "Fidel, Roberto Oscar"]
[Result "1-0"]
[WhiteElo "2292"]
[BlackElo "2197"]
[PlyCount "86"]
[EventDate "2014.05.13"]
[EventType "tourn"]
[EventRounds "10"]
[EventCountry "ARG"]
[EventCategory "1"]
[SourceTitle "EXT 2017"]
[Source "ChessBase"]
[SourceDate "2016.10.25"]
[SourceVersion "1"]
[SourceVersionDate "2016.10.25"]
[SourceQuality "1"]

1. e4 c5 2. Nf3 d6 3. d4 cxd4 4. Nxd4 Nf6 5. Nc3 a6 6. f3 e5 7. Nb3 Be6 8. Be3 Be7 9. Qd2 Qc7 10. g4 Nfd7 11. 0-0-0 Nb6 12. Kb1 N8d7 13. h4 Nc4 14. Bxc4 Qxc4 15. Na5 Qc7 16. Nd5 Bxd5 17. Qxd5 Rc8 18. Qxb7 Qxc2+ 19. Ka1 Qc7 20. Qxa6 0-0 21. Rc1 Nc5 22. Bxc5 dxc5 23. Nc4 Rb8 24. g5 Rfd8 25. Rhd1 Rd4 26. Ne3 Qd8 27. Nd5 Bf8 28. Qe2 Ra8 29. Rc3 Qa5 30. Ra3 Qd8 31. Rxa8 Qxa8 32. Rxd4 cxd4 33. Qc4 Qb7 34. a3 Qd7 35. Ka2 Qh3 36. a4 Qxf3 37. Qc8 g6 38. Qb8 d3 39. Nf6+ Kg7 40. Qxe5 d2 41. Nd7+ Kg8 42. Qb8 h5 43. Qxf8+ Kh7 1-0

[Event "Mar del Plata Vasta Memorial"]
[Site "Mar del Plata"]
[Date "2014.05.29"]
[Round "2"]
[White "Di Muro, Matias"]
[Black "Fraile, Jorge"]
[Result "1/2-1/2"]
[WhiteElo "2292"]
[BlackElo "2355"]
[PlyCount "67"]
[EventDate "2014.05.13"]
[EventType "tourn"]
[EventRounds "10"]
[EventCountry "ARG"]
[EventCategory "1"]
[SourceTitle "EXT 2017"]
[Source "ChessBase"]
[SourceDate "2016.10.25"]
[SourceVersion "1"]
[SourceVersionDate "2016.10.25"]
[SourceQuality "1"]

1. e4 c5 2. Nc3 d6 3. Nf3 Nf6 4. d4 cxd4 5. Nxd4 a6 6. f3 e5 7. Nb3 Be6 8. Be3 Be7 9. Qd2 0-0 10. 0-0-0 a5 11. Bb5 Na6 12. Qf2 Nc7 13. Be2 a4 14. Nc5 a3 15. b3 Qc8 16. N5a4 Nd7 17. Qe1 b5 18. Nxb5 Qb7 19. c4 Nxb5 20. cxb5 d5 21. exd5 Bf5 22. Nc3 Bb4 23. Bc4 Rac8 24. Bd2 Nb6 25. Qe2 Rfd8 26. d6 Rxd6 27. Qxe5 Nxc4 28. bxc4 Be6 29. Rhe1 Rxc4 30. Re4 Rd5 31. Rxc4 Rxe5 32. Rxb4 h6 33. Re1 Rc5 34. Rd1 1/2-1/2

[Event "Mar del Plata Vasta Memorial"]
[Site "Mar del Plata"]
[Date "2014.05.17"]
[Round "1"]
[White "Fraile, Jorge"]
[Black "Di Muro, Matias"]
[Result "1/2-1/2"]
[WhiteElo "2355"]
[BlackElo "2292"]
[PlyCount "43"]
[EventDate "2014.05.13"]
[EventType "tourn"]
[EventRounds "10"]
[EventCountry "ARG"]
[EventCategory "1"]
[SourceTitle "EXT 2017"]
[Source "ChessBase"]
[SourceDate "2016.10.25"]
[SourceVersion "1"]
[SourceVersionDate "2016.10.25"]
[SourceQuality "1"]

1. Nf3 d5 2. g3 Nf6 3. Bg2 c6 4. d3 h6 5. 0-0 Bf5 6. Nbd2 e6 7. Qe1 Be7 8. e4 Bh7 9. Qe2 0-0 10. Re1 Re8 11. e5 Nfd7 12. Nf1 Nf8 13. h4 Nbd7 14. h5 f6 15. Bf4 fxe5 16. Nxe5 Bf6 17. Nh2 Nxe5 18. Bxe5 Bxe5 19. Qxe5 Nd7 20. Qd6 Nf6 21. Qe5 Nd7 22. Qd6 1/2-1/2

[Event "Mar del Plata Duchamp op 45th"]
[Site "Mar del Plata"]
[Date "2014.04.17"]
[Round "7"]
[White "Di Muro, Matias"]
[Black "Rodriguez Vila, Andres"]
[Result "0-1"]
[WhiteElo "2266"]
[BlackElo "2437"]
[PlyCount "108"]
[EventDate "2014.04.12"]
[EventType "swiss"]
[EventRounds "9"]
[EventCountry "ARG"]
[SourceTitle "CBM 159 Extra"]
[Source "ChessBase"]
[SourceDate "2014.04.24"]
[SourceVersion "1"]
[SourceVersionDate "2014.04.24"]
[SourceQuality "1"]

1. e4 e6 2. d4 d5 3. Nc3 Bb4 4. e5 Ne7 5. a3 Bxc3+ 6. bxc3 b6 7. Qg4 Ng6 8. h4 h5 9. Qd1 Qd7 10. Be2 Ba6 11. Bxh5 Qb5 12. Be2 Qc6 13. Bxa6 Nxa6 14. Bd2 Nxh4 15. Rh2 0-0-0 16. a4 Qc4 17. Qe2 c5 18. Qxc4 dxc4 19. Be3 Nf5 20. Rxh8 Rxh8 21. Nh3 cxd4 22. cxd4 Nb4 23. Kd2 Nd5 24. Ng5 Kd7 25. Ke2 f6 26. Nf3 a5 27. g4 Nfxe3 28. fxe3 Nc3+ 29. Kf2 Kc6 30. Kg2 Kd5 31. exf6 gxf6 32. g5 fxg5 33. Ne5 Rh7 34. Ng4 Rh4 35. Ne5 Re4 36. Kf2 Rxe5 37. dxe5 Kxe5 38. Kf3 Kf5 39. e4+ Nxe4 40. Ke3 c3 41. Rb1 Nf6 42. Rf1+ Ke5 43. Rg1 Nd5+ 44. Kf3 Kf5 45. Rh1 g4+ 46. Ke2 Ke4 47. Rh4 Ne3 48. Rh6 e5 49. Rg6 Kf4 50. Rxb6 g3 51. Rf6+ Nf5 52. Ra6 e4 53. Rf6 e3 54. Rf8 g2 0-1

[Event "Buenos Aires Duchamp Memorial op 5th"]
[Site "Buenos Aires"]
[Date "2013.03.26"]
[Round "5"]
[White "Restuccia, Francisco"]
[Black "Di Muro, Matias"]
[Result "0-1"]
[WhiteElo "2089"]
[BlackElo "2274"]
[PlyCount "44"]
[EventDate "2013.03.23"]
[EventType "swiss"]
[EventRounds "8"]
[EventCountry "ARG"]
[SourceTitle "CBM 153 Extra"]
[Source "ChessBase"]
[SourceDate "2013.04.22"]
[SourceVersion "1"]
[SourceVersionDate "2013.04.22"]
[SourceQuality "1"]

1. e4 c5 2. Nc3 Nc6 3. Bb5 Nd4 4. Nf3 g6 5. Nxd4 cxd4 6. Ne2 Bg7 7. 0-0 a6 8. Bc4 d6 9. c3 Nf6 10. Nxd4 Nxe4 11. d3 Nf6 12. f4 0-0 13. f5 b5 14. Bb3 Bb7 15. Qe1 Bd5 16. Qh4 Bxb3 17. axb3 b4 18. Bh6 Qd7 19. Rae1 Rac8 20. Re3 Bxh6 21. Rg3 Bg7 22. fxg6 fxg6 0-1

[Event "Buenos Aires Duchamp Memorial op 5th"]
[Site "Buenos Aires"]
[Date "2013.03.25"]
[Round "4"]
[White "Di Muro, Matias"]
[Black "Rodriguez Vila, Andres"]
[Result "0-1"]
[WhiteElo "2274"]
[BlackElo "2503"]
[PlyCount "78"]
[EventDate "2013.03.23"]
[EventType "swiss"]
[EventRounds "8"]
[EventCountry "ARG"]
[SourceTitle "CBM 153 Extra"]
[Source "ChessBase"]
[SourceDate "2013.04.22"]
[SourceVersion "1"]
[SourceVersionDate "2013.04.22"]
[SourceQuality "1"]

1. e4 e6 2. d4 d5 3. Nc3 Bb4 4. e5 Ne7 5. a3 Bxc3+ 6. bxc3 b6 7. Qg4 Ng6 8. h4 h5 9. Qd1 Qd7 10. a4 Ba6 11. Bxa6 Nxa6 12. Ne2 Qc6 13. Bg5 Qc4 14. 0-0 c5 15. f4 Ne7 16. Bxe7 Kxe7 17. f5 Nc7 18. Qd2 Raf8 19. f6+ gxf6 20. exf6+ Kd7 21. Nf4 Kc8 22. Qe3 Rhg8 23. a5 b5 24. Rf3 Rg4 25. Qe5 Rfg8 26. Qxh5 cxd4 27. Qe5 Rxh4 28. Qxd4 Rgh8 29. Kf2 R8h6 30. Qe5 Qe4 31. Re1 Qxe5 32. Rxe5 Rxf6 33. Ke3 Kd7 34. Rg5 Kd6 35. Nd3 Rxf3+ 36. gxf3 Ra4 37. Rg7 f6 38. Rf7 Rxa5 39. Rxf6 d4+ 0-1

[Event "Wch U20"]
[Site "Puerto Madryn"]
[Date "2009.10.27"]
[Round "7"]
[White "Di Muro, Matias"]
[Black "Ramos, Vasco Miguel de Mat"]
[Result "1-0"]
[WhiteElo "2214"]
[BlackElo "1915"]
[PlyCount "93"]
[EventDate "2009.10.22"]
[EventType "swiss"]
[EventRounds "13"]
[EventCountry "ARG"]
[SourceTitle "EXT 2010"]
[Source "ChessBase"]
[SourceDate "2010.11.25"]
[SourceVersion "1"]
[SourceVersionDate "2010.11.25"]
[SourceQuality "1"]

1. e4 e6 2. d4 d5 3. Nc3 Bb4 4. e5 c5 5. a3 Bxc3+ 6. bxc3 Ne7 7. a4 Qa5 8. Bd2 c4 9. Nf3 Bd7 10. h4 Nbc6 11. g3 0-0-0 12. Bh3 Rdf8 13. 0-0 h6 14. h5 g6 15. Qc1 g5 16. Nh2 f6 17. exf6 Rxf6 18. Ng4 Rf5 19. Qd1 Rh7 20. Qe2 Qc7 21. Kg2 Rff7 22. Rfe1 Nf5 23. Qd1 Rh8 24. Ne5 Nxe5 25. Rxe5 Rhf8 26. f3 Rf6 27. Qe2 Qc6 28. Bc1 R8f7 29. Bg4 Qa6 30. a5 b5 31. Qe1 Qb7 32. a6 Qc6 33. Ba3 Kb8 34. Bc5 Qc7 35. Qc1 Ng7 36. Qa3 Ka8 37. Be7 Rf5 38. Bxf5 Nxf5 39. Bb4 Bc8 40. Ba5 Qc6 41. Rae1 Ng7 42. g4 Ne8 43. Kg3 Ng7 44. Rf1 Ne8 45. Rf2 Nd6 46. Bb4 Ne8 47. Bf8 1-0

[Event "Wch U20"]
[Site "Puerto Madryn"]
[Date "2009.10.26"]
[Round "6"]
[White "Goncalves, Marcus Vinicius M"]
[Black "Di Muro, Matias"]
[Result "0-1"]
[WhiteElo "1865"]
[BlackElo "2214"]
[PlyCount "48"]
[EventDate "2009.10.22"]
[EventType "swiss"]
[EventRounds "13"]
[EventCountry "ARG"]
[SourceTitle "EXT 2010"]
[Source "ChessBase"]
[SourceDate "2010.11.25"]
[SourceVersion "1"]
[SourceVersionDate "2010.11.25"]
[SourceQuality "1"]

1. d4 Nf6 2. Nf3 g6 3. g3 Bg7 4. Bg2 0-0 5. c4 d6 6. 0-0 Nbd7 7. Nc3 e5 8. e4 exd4 9. Nxd4 Re8 10. Re1 Nc5 11. b4 Ne6 12. Be3 a5 13. bxa5 Ng4 14. Nxe6 Nxe3 15. Rxe3 Bxe6 16. Qa4 c6 17. Rb1 Re7 18. Qb4 Qxa5 19. Qxd6 Rd7 20. Qxd7 Bxd7 21. Rxb7 Bc8 22. Rb3 Be6 23. Nd5 Qa7 24. Ne7+ Kh8 0-1

[Event "Pan American-ch U18"]
[Site "Mar del Plata"]
[Date "2009.08.20"]
[Round "7"]
[White "Abdalla, Luiz Guilherme"]
[Black "Di Muro, Matias"]
[Result "0-1"]
[WhiteElo "2089"]
[BlackElo "2229"]
[PlyCount "64"]
[EventDate "2009.08.16"]
[EventType "swiss"]
[EventRounds "9"]
[EventCountry "ARG"]
[SourceTitle "EXT 2022"]
[Source "ChessBase"]
[SourceDate "2021.10.06"]
[SourceVersion "1"]
[SourceVersionDate "2021.10.06"]
[SourceQuality "1"]

1. d4 d5 2. c4 c6 3. Nf3 Nf6 4. e3 e6 5. Nbd2 c5 6. Bd3 Nc6 7. dxc5 Bxc5 8. a3 a5 9. 0-0 0-0 10. e4 Be7 11. Qe2 a4 12. Rd1 d4 13. e5 Nd7 14. Qe4 g6 15. b4 axb3 16. Nxb3 Qc7 17. Re1 Rd8 18. Qf4 f6 19. Nbxd4 Ndxe5 20. Nb5 Qa5 21. Bd2 Nxd3 22. Bxa5 Nxf4 23. Bxd8 Nxd8 24. Rad1 e5 25. g3 Nh3+ 26. Kg2 Bg4 27. Rb1 Rc8 28. Nd2 Bc5 29. Rb3 Ng5 30. f4 Ngf7 31. Rc3 Nc6 32. fxe5 Nfxe5 0-1

[Event "Mar del Plata op 40th"]
[Site "Mar del Plata"]
[Date "2009.04.10"]
[Round "7"]
[White "Di Muro, Matias"]
[Black "Duarte, Leonardo"]
[Result "1/2-1/2"]
[WhiteElo "2248"]
[BlackElo "2349"]
[PlyCount "82"]
[EventDate "2009.04.05"]
[EventType "swiss"]
[EventRounds "9"]
[EventCountry "ARG"]
[SourceTitle "CBM 129 Extra"]
[Source "ChessBase"]
[SourceDate "2009.05.05"]
[SourceVersion "2"]
[SourceVersionDate "2009.05.20"]
[SourceQuality "1"]

1. e4 c5 2. Nf3 e6 3. d4 cxd4 4. Nxd4 Nc6 5. Nc3 Qc7 6. Be2 a6 7. 0-0 Nf6 8. Kh1 d6 9. f4 Be7 10. a4 0-0 11. Be3 Nxd4 12. Qxd4 e5 13. Qd3 exf4 14. Bxf4 Be6 15. Rfd1 Rfd8 16. Qg3 Ne8 17. e5 dxe5 18. Bxe5 Qb6 19. Bd3 Bd6 20. a5 Qc5 21. Bxd6 Nxd6 22. Qh4 h6 23. Ne4 Qc7 24. Nxd6 Rxd6 25. Qe4 g6 26. Qf4 h5 27. Rf1 Rad8 28. Rae1 Qd7 29. Qg5 Bd5 30. Re7 Qg4 31. Qxg4 hxg4 32. Kg1 R6d7 33. Re5 f5 34. Kf2 Kg7 35. Rfe1 Kf6 36. Re8 Rxe8 37. Rxe8 Bc6 38. Re1 Rh7 39. Kg1 Rd7 40. Kf2 Rh7 41. Kg1 Rd7 1/2-1/2

[Event "Mar del Plata op 40th"]
[Site "Mar del Plata"]
[Date "2009.04.07"]
[Round "4"]
[White "Pierrot, Juan Facundo"]
[Black "Di Muro, Matias"]
[Result "1-0"]
[WhiteElo "2422"]
[BlackElo "2231"]
[PlyCount "89"]
[EventDate "2009.04.05"]
[EventType "swiss"]
[EventRounds "9"]
[EventCountry "ARG"]
[SourceTitle "CBM 129 Extra"]
[Source "ChessBase"]
[SourceDate "2009.05.05"]
[SourceVersion "2"]
[SourceVersionDate "2009.05.20"]
[SourceQuality "1"]

1. e4 c5 2. Nf3 Nc6 3. Nc3 Nf6 4. d4 cxd4 5. Nxd4 e5 6. Ndb5 d6 7. a4 a6 8. Na3 Bg4 9. Be2 Bxe2 10. Qxe2 Nd4 11. Qd3 d5 12. Bg5 dxe4 13. Nxe4 Be7 14. Bxf6 gxf6 15. 0-0 f5 16. Ng3 e4 17. Qd1 Bxa3 18. Rxa3 Qf6 19. Qh5 Rg8 20. c3 Rg5 21. Qd1 Ne6 22. f4 Rg4 23. Nxe4 Qg6 24. Ng3 h5 25. Qd5 Rd8 26. Qxf5 Rxg3 27. Qxg6 Rxg6 28. f5 Rg5 29. fxe6 fxe6 30. g3 h4 31. c4 Rg4 32. Re3 hxg3 33. hxg3 Rxc4 34. Rxe6+ Kd7 35. Re3 Kc6 36. b3 Rc2 37. Rf2 Rc1+ 38. Kg2 Rd4 39. Rf4 Rcd1 40. Rxd4 Rxd4 41. Kf3 Kc5 42. g4 Rd1 43. g5 b5 44. axb5 Kxb5 45. Kf4 1-0

[Event "Mar del Plata op 40th"]
[Site "Mar del Plata"]
[Date "2009.04.05"]
[Round "2"]
[White "Epelboim, Matias"]
[Black "Di Muro, Matias"]
[Result "0-1"]
[WhiteElo "2028"]
[BlackElo "2231"]
[PlyCount "56"]
[EventDate "2009.04.05"]
[EventType "swiss"]
[EventRounds "9"]
[EventCountry "ARG"]
[SourceTitle "CBM 129 Extra"]
[Source "ChessBase"]
[SourceDate "2009.05.05"]
[SourceVersion "2"]
[SourceVersionDate "2009.05.20"]
[SourceQuality "1"]

1. e4 c5 2. Nf3 d6 3. d4 cxd4 4. Nxd4 Nf6 5. Nc3 Nc6 6. Bc4 e6 7. Bb3 a6 8. 0-0 Be7 9. Be3 0-0 10. f4 Qc7 11. Qf3 Bd7 12. Rae1 b5 13. a3 Na5 14. Qg3 Nc4 15. Bxc4 Qxc4 16. e5 Nd5 17. Nxd5 Qxd5 18. Nf3 Rfc8 19. Rd1 Qe4 20. Rfe1 d5 21. c3 Qg6 22. Qxg6 hxg6 23. Nd4 a5 24. Rc1 Rc4 25. g4 Rac8 26. Red1 Bd8 27. Re1 Bb6 28. Red1 b4 0-1

[Event "Berazategui Cup 3rd"]
[Site "Berazategui"]
[Date "2008.05.03"]
[Round "3"]
[White "Di Muro, Matias"]
[Black "Alonso, Salvador"]
[Result "0-1"]
[WhiteElo "2143"]
[BlackElo "2420"]
[PlyCount "86"]
[EventDate "2008.05.01"]
[EventType "swiss"]
[EventRounds "9"]
[EventCountry "ARG"]
[SourceTitle "CBM 124 Extra"]
[Source "ChessBase"]
[SourceDate "2008.07.03"]
[SourceVersion "1"]
[SourceVersionDate "2008.07.03"]
[SourceQuality "1"]

1. d4 d5 2. c4 c6 3. Nf3 Nf6 4. Nc3 dxc4 5. a4 Bf5 6. Ne5 Nbd7 7. Nxc4 Nb6 8. Ne5 a5 9. g3 e6 10. Bg2 Bb4 11. 0-0 h6 12. e3 0-0 13. Qe2 Bh7 14. Rd1 Qe7 15. e4 Nfd7 16. Nxd7 Nxd7 17. Be3 Rfd8 18. Rac1 Rac8 19. d5 cxd5 20. exd5 Nc5 21. dxe6 fxe6 22. Nb5 Kh8 23. Bd4 Nxa4 24. Qe3 Nc5 25. Be5 Rxd1+ 26. Rxd1 Qg5 27. f4 Qg6 28. Bd4 Qc2 29. Rf1 Ne4 30. Nc3 Nxc3 31. bxc3 Bxc3 32. Bxc3 Qxc3 33. Qxe6 Qc5+ 34. Kh1 Bf5 35. Qe2 Rd8 36. g4 Bd3 37. Qd2 Qb4 38. Qd1 Rd4 39. Qc1 Qc4 40. Qe1 Bxf1 41. Bxf1 Qd5+ 42. Kg1 Qd7 43. h3 Rxf4 0-1

[Event "Mar del Plata op 39th"]
[Site "Mar del Plata"]
[Date "2008.03.19"]
[Round "6"]
[White "Mussanti, Diego"]
[Black "Di Muro, Matias"]
[Result "1-0"]
[WhiteElo "2314"]
[BlackElo "2143"]
[PlyCount "86"]
[EventDate "2008.03.15"]
[EventType "swiss"]
[EventRounds "9"]
[EventCountry "ARG"]
[SourceTitle "CBM 123 Extra"]
[Source "ChessBase"]
[SourceDate "2008.05.06"]
[SourceVersion "1"]
[SourceVersionDate "2008.05.06"]
[SourceQuality "1"]

1. e4 c5 2. Nf3 Nc6 3. d4 cxd4 4. Nxd4 Nf6 5. Nc3 e5 6. Ndb5 d6 7. Bg5 a6 8. Na3 b5 9. Bxf6 gxf6 10. Nd5 Bg7 11. Bd3 Ne7 12. Nxe7 Qxe7 13. 0-0 0-0 14. c4 f5 15. Qh5 Rb8 16. exf5 e4 17. Rae1 Bb7 18. b3 d5 19. cxd5 Qxa3 20. f6 Rfe8 21. Qg5 Qf8 22. Rxe4 Rxe4 23. Bxe4 Kh8 24. fxg7+ Qxg7 25. Qxg7+ Kxg7 26. f4 Re8 27. Bf3 Rc8 28. Rd1 Kf6 29. Rd2 Ba8 30. Kf2 Ke7 31. d6+ Kd8 32. d7 Rb8 33. Bg4 Bc6 34. Re2 Bxd7 35. Rd2 Rb7 36. Ke3 h5 37. Rxd7+ Rxd7 38. Bxd7 Kxd7 39. f5 f6 40. Kf4 Kd6 41. g4 hxg4 42. Kxg4 Ke7 43. Kh5 Kf7 1-0

[Event "Mar del Plata op 39th"]
[Site "Mar del Plata"]
[Date "2008.03.16"]
[Round "3"]
[White "Di Muro, Matias"]
[Black "De Dovitiis, Alejo"]
[Result "0-1"]
[WhiteElo "2143"]
[BlackElo "2326"]
[PlyCount "90"]
[EventDate "2008.03.15"]
[EventType "swiss"]
[EventRounds "9"]
[EventCountry "ARG"]
[SourceTitle "CBM 123 Extra"]
[Source "ChessBase"]
[SourceDate "2008.05.06"]
[SourceVersion "1"]
[SourceVersionDate "2008.05.06"]
[SourceQuality "1"]

1. e4 e6 2. d4 d5 3. Nc3 Bb4 4. e5 Qd7 5. Nf3 b6 6. Bd2 Ne7 7. Bd3 Ba6 8. Bxa6 Nxa6 9. Qe2 Nb8 10. 0-0 0-0 11. Nd1 Bxd2 12. Qxd2 c5 13. Re1 Nf5 14. dxc5 bxc5 15. c4 dxc4 16. Qf4 Nd4 17. Ne3 Nbc6 18. Nxd4 cxd4 19. Nxc4 Qd5 20. b3 Rad8 21. Rad1 Rd7 22. Rd2 h6 23. Nb2 Qa5 24. Nc4 Qd5 25. Nb2 Qa5 26. Nc4 Qc3 27. Red1 d3 28. Qe4 Nb4 29. a3 Rd4 30. Qb7 Qxb3 31. axb4 Qxc4 32. Qxa7 Qxb4 33. h3 Rfd8 34. Qa6 Qc3 35. Qb7 R4d5 36. Qa6 Qxe5 37. Rxd3 Rxd3 38. Rxd3 Qe1+ 39. Kh2 Rxd3 40. Qxd3 Qxf2 41. Qe4 Qf5 42. Qd4 Qd5 43. Qf4 e5 44. Qf5 g6 45. Qc8+ Kg7 0-1

[Event "ARG-ch U14"]
[Site "Villa Carlos Paz"]
[Date "2004.09.02"]
[Round "4"]
[White "Needleman, Gaston"]
[Black "Di Muro, Matias"]
[Result "1-0"]
[WhiteElo "2178"]
[BlackElo "1955"]
[PlyCount "73"]
[EventDate "2004.09.01"]
[EventType "swiss"]
[EventRounds "9"]
[EventCountry "ARG"]
[SourceTitle "CBM 102 Extra"]
[Source "ChessBase"]
[SourceDate "2004.11.03"]
[SourceVersion "1"]
[SourceVersionDate "2004.11.03"]
[SourceQuality "1"]

1. e4 c5 2. Nf3 Nc6 3. d4 cxd4 4. Nxd4 Nf6 5. Nc3 e5 6. Ndb5 d6 7. Bg5 a6 8. Na3 b5 9. Nd5 Qa5+ 10. Bd2 Qd8 11. Bg5 Qa5+ 12. Bd2 Qd8 13. Nxf6+ Qxf6 14. g3 Qg6 15. Bg2 Be7 16. 0-0 0-0 17. h4 Bg4 18. f3 Be6 19. Kh2 b4 20. f4 Bg4 21. f5 Qh5 22. Qe1 bxa3 23. Qe3 f6 24. Qxa3 Qf7 25. c3 Rfc8 26. Rfe1 Bh5 27. b4 Qe8 28. Qb2 Bf7 29. Bf1 Nd8 30. a4 Bc4 31. g4 Bxf1 32. Rxf1 Qc6 33. Rae1 Nf7 34. Rg1 h6 35. b5 axb5 36. axb5 Qc4 37. Ra1 1-0